Music Quiz

Random Music Quiz

The Police Songs by Clip Quiz Stats

Quiz not verified by Sporcle

Challenge
Share
Tweet
Score 0/27 Timer 08:00
0 Plays Today
Time Song % Correct
0:00Every Breath You Take
97.2%
0:38Don't Stand So Close to Me
94.4%
0:12Message In A Bottle
91.7%
0:24Roxanne
91.7%
0:52Every Little Thing She Does is Magic
91.7%
1:23So Lonely
77.8%
1:15Invisible Sun
72.2%
1:03De Do Do Do, De Da Da Da
66.7%
1:34The Bed's Too Big Without You
58.3%
2:07Next To You
58.3%
3:12Walking In Your Footsteps
47.2%
1:43Reggatta de Blanc
44.4%
2:44Murder By Numbers
44.4%
2:18Man In A Suitcase
41.7%
Time Song % Correct
2:37Rehumanize Yourself
41.7%
1:54Hungry For You (J'aurais Toujours Faim de Toi)
36.1%
3:29Voices Inside My Head
36.1%
2:55Miss Gradenko
33.3%
3:48Darkness
30.6%
4:16No Time This Time
30.6%
2:28It's Alright For You
27.8%
3:04On Any Other Day
27.8%
4:08Peanuts
25%
3:37Masoko Tanga
16.7%
3:22Dead End Job
13.9%
3:58A Kind Of Loving
8.3%
4:26Friends
8.3%

You're not logged in!

Compare scores with friends on all Sporcle quizzes.
Join for Free
OR
Log In

You Might Also Like...

Show Comments

Extras

Created Nov 26, 2015ReportNominate
Tags:Music Clip, New Wave, police

Top Quizzes Today


Score Distribution

Your Account Isn't Verified!

In order to create a playlist on Sporcle, you need to verify the email address you used during registration. Go to your Sporcle Settings to finish the process.

Report this User

Report this user for behavior that violates our Community Guidelines.

Details: